000 00643nam a2200193Ia 4500
003 GCL
008 140319s9999 xx 000 0 ara d
040 _aGCL /
_cGCL
082 0 4 _a811.6
_bا د
100 1 _aالرصافى الرفاعى ابوعبدالله م
245 1 0 _aديوان الرصافى البلنسى /
_cالرصافى الرفاعى ابوعبدالله م
260 _a[S.N] :
_bدار الشروق ،
_c1983
300 _a153 ص
490 _aالشعر ديوان العرب
_v0
650 0 4 _aالشعر العربى
650 0 4 _aالادب العربى
650 0 4 _aدواوين وقصائد
942 _2ddc
_cBK
999 _c31833
_d31833